Представление документа в формате MARC21

Поле Инд. ПП Название Значение
Тип записи a
Библиографический уровень m
001 Контрольный номер RU/IS/BASE/263563662
005 Дата корректировки 20250605125236.8
008 Кодируемые данные 19981001
020 00 a ISBN 5-7012-0119-8
040 00 e Правила каталог. Л.М. 981001
084 a Индекс другой классификации/Индекс ББК 84(2=411.2)6-44
090 00 a Полочн. индекс 84(2=411.2)6-44
x Авторский знак Ц 271
097 00 a 230
100 10 a Автор Цветаева А. И.
q Полное имя Цветаева Анастасия Ивановна
245 00 a Заглавие Непостижимые
b Продолж. заглавия рассказы о животных
c Ответственность редактор Т. В. Дельсаль; предисловие С. Айдиняна; художник Л. Маливанова
260 00 a Место издания Москва
b Издательство Всесоюзный молодежный книжный центр
c Дата издания 1992
300 00 a Объем 176 с.
b Иллюстрации/ тип воспроизводства портр.
336 a Термин вида содержания Текст
337 a Термин типа средства непосредственный
505 0_ a Форматированное содержание Кот Вася
505 0_ a Форматированное содержание Девочка и котенок
505 0_ a Форматированное содержание Каток
505 0_ a Форматированное содержание Локк и абрикосы
505 0_ a Форматированное содержание Наши подопечные
505 0_ a Форматированное содержание Слониха Нонна и пес
505 0_ a Форматированное содержание Мишки
505 0_ a Форматированное содержание Мурыся
505 0_ a Форматированное содержание Лиза и Деша
505 0_ a Форматированное содержание Пес
505 0_ a Форматированное содержание Тега
505 0_ a Форматированное содержание Бобка и Барбос
505 0_ a Форматированное содержание Руслан и его хозяева
505 0_ a Форматированное содержание Домка
505 0_ a Форматированное содержание Миша, Вася и Фея
505 0_ a Форматированное содержание Друг
505 0_ a Форматированное содержание Три собаки
505 0_ a Форматированное содержание Кроля
505 0_ a Форматированное содержание Свин
505 0_ a Форматированное содержание Безымяночка
505 0_ a Форматированное содержание Цапа, Вася и Том-Том
505 0_ a Форматированное содержание Ральф
505 0_ a Форматированное содержание Мачеха и мать
505 0_ a Форматированное содержание Собака и Щепки
505 0_ a Форматированное содержание Собачие veto
505 0_ a Форматированное содержание Сердце собаки
505 0_ a Форматированное содержание Птенец
505 0_ a Форматированное содержание Эстонская овечья поляна
505 0_ a Форматированное содержание Сельма, Рули, кот и Кирюша
505 0_ a Форматированное содержание Пуся
505 0_ a Форматированное содержание Рассказ о коте
505 0_ a Форматированное содержание Кот Дракон
505 0_ a Форматированное содержание Насекомое
505 0_ a Форматированное содержание Боксер Том и Черный Рыцарь
505 0_ a Форматированное содержание Собачье шестое чувство
505 0_ a Форматированное содержание О собаке, котенке и трамвае
650 04 a Основная рубрика художественная литература
653 00 a Ключевые слова XX век
a Ключевые слова животные
a Ключевые слова Россия
a Ключевые слова русская литература
655 00 a Жанр/ форма (устаревшее) проза
a Жанр/ форма (устаревшее) рассказ
700 1_ a Автор Дельсаль Т. В.
e Роль лиц редактор
700 1_ a Автор Айдинян С.
e Роль лиц автор предисловия
700 1_ a Автор Маливанова Л.
e Роль лиц художник
901 t Тип документа m
952 a Тип литературы для КСУ ВШ ЛХИ